Statistics for Top 15 Current NFL trios

Click here to take the quiz!

General Stats

  • This quiz has been taken 145 times
  • The average score is 29 of 60

Answer Stats

HintAnswer% Correct
QBTom Brady
86%
QBPatrick Mahomes
85%
WRTyreek Hill
85%
TETravis Kelce
83%
RBAaron Jones
81%
QBAaron Rodgers
81%
WRJulio Jones
81%
WRDevante Adams
76%
QBDrew Brees
72%
QBMatt Ryan
72%
WRJulian Edelman
71%
RBAlvin Kamara
69%
QBPhilip Rivers
68%
WRKeenan Allen
67%
WRMichael Thomas
66%
QBJared Goff
64%
QBRussell Wilson
61%
RBTodd Gurley
61%
RBDevante Freeman
56%
WRCooper Kupp
54%
QBKirk Cousins
53%
RBDalvin Cook
52%
QBCam Newton
50%
RBJames White
49%
RBAustin Ekeler
47%
1.CHIEFS
47%
QBBaker Mayfield
46%
WROdell Beckham Jr
46%
WRTyler Lockett
46%
RBChris Carson
45%
WRAmari Cooper
43%
QBDak Prescott
43%
RBEzekiel Elliot
43%
11.FALCONS
43%
RBNick Chubb
43%
6.PACKERS
43%
2.SAINTS
41%
QBCarson Wentz
40%
7.PATRIOTS
40%
RBChristain McCaffrey
38%
3.RAMS
37%
8.CHARGERS
35%
WRD.J. Moore
33%
TEZach Ertz
33%
10.COWBOYS
31%
5.SEAHAWKS
31%
9.EAGLES
30%
4.VIKINGS
30%
12.BROWNS
29%
WRAdam Theilen
27%
WRAlshon Jeffrey
27%
14.PANTHERS
27%
WRT.Y. Hilton
26%
15.COLTS
22%
QBJacoby Brissett
22%
RBLeonard Fournette
21%
RBMarlon Mack
21%
13.JAGUARS
20%
QBGardner Minshew
15%
WRD.J. Chark
12%

Score Distribution

Percentile by Number Answered

Percent of People with Each Score

Your Score History

You have not taken this quiz